|
|
|
|
| LEADER |
01696nam a2200457 a 4500 |
| 001 |
nkc20051573321 |
| 003 |
CZ PrNK |
| 005 |
20051205101924.0 |
| 007 |
ta |
| 008 |
050624s2005 xr a e p 000 0 cze |
| 015 |
|
|
|a cnb001573321
|
| 020 |
|
|
|a 80-251-0555-5
|q (brož.) :
|c Kč 189,00
|
| 035 |
|
|
|a (OCoLC)85146269
|
| 040 |
|
|
|a BOA001
|b cze
|d OLA001
|d ABA001
|
| 041 |
0 |
|
|a cze
|a fre
|
| 072 |
|
7 |
|a 811.133.1
|x Francouzština
|2 Konspekt
|9 11
|
| 072 |
|
7 |
|a 37.016
|x Učební osnovy. Vyučovací předměty. Učebnice
|2 Konspekt
|9 22
|
| 080 |
|
|
|a 811.133.1
|2 MRF
|
| 080 |
|
|
|a 81'373
|2 MRF
|
| 080 |
|
|
|a (075)
|2 MRF
|
| 100 |
1 |
|
|a Seidl, Jan,
|d 1981-
|7 mzk2005286926
|4 aut
|
| 245 |
1 |
0 |
|a 2000 nejpoužívanějších francouzských slov /
|c Jan Seidl
|
| 246 |
3 |
|
|a Dva tisíce nejpoužívanějších francouzských slov
|
| 246 |
1 |
4 |
|a 2000 nejpoužívanějších francouzských slov + MP3
|
| 250 |
|
|
|a Vyd. 1.
|
| 260 |
|
|
|a Brno :
|b CP Books,
|c 2005
|
| 300 |
|
|
|a 113 s. :
|b il. ;
|c 21 cm +
|e 1 CD-ROM
|
| 490 |
1 |
|
|a Jazykové učebnice pro samouky. Francouzština
|
| 500 |
|
|
|a Obálkový podnázev: základní slovní zásoba, která vám umožní efektivně komunikovat
|
| 650 |
0 |
7 |
|a francouzština
|7 ph135297
|2 czenas
|
| 650 |
0 |
7 |
|a slovní zásoba
|7 ph166083
|2 czenas
|
| 650 |
0 |
9 |
|a French language
|2 eczenas
|
| 650 |
0 |
9 |
|a vocabulary
|2 eczenas
|
| 655 |
|
7 |
|a učebnice
|7 fd133770
|2 czenas
|
| 655 |
|
9 |
|a textbooks
|2 eczenas
|
| 830 |
|
0 |
|a Jazykové učebnice pro samouky (CP Books).
|p Francouzština
|0 s
|
| 910 |
2 |
|
|a BOA001
|b 2-1154.919
|
| 990 |
|
|
|a BK
|
| 995 |
|
|
|a 01
|
| 991 |
|
|
|b 200508
|c NOV
|
| 996 |
6 |
|
|b 2610254992
|c 2-1154.919
|l MZK
|r Sklad / do 1 hodiny
|n 0
|p p.v.
|w 000781029
|u 000010
|a 1
|e BOA001
|j MZK50
|s P
|